00935 a2200193 450000100060000002000180000604100080002408200110003210000170004330000100006049000400007052004640011052100070057483000400058185600240062104000250064524500380067026000330070847298 a9788579623868 apor a999999 aWillems, Mo. a61 p. aWillems, Mo. Elephant & Piggie book aO Elefante e a Porquinha são melhores amigos. Um dia, percebem que não estão sozinhos - tem alguém olhando para eles! Quem será? Um monstro? Não... é você, leitor! Em Estamos em um livro!, o elefante Geraldo e a Porquinha descobrem a alegria de serem lidos. Mas o que vai acontecer quando o livro acabar? Uma história interativa, em que os adoráveis personagens de Mo Willems conversam diretamente com o leitor e aprontam muitas maluquices aIK aWillems, Mo. Elephant & Piggie book u00001f/00001ff6.jpg aBR-BrIDEAcBR-BrIDEA10aEstamos em um livro!c Mo Willems aSão PaulobObjetivac2015